000 00709nam a2200241 a 4500
999 _c1160
_d1160
001 1160
003 BD-JhCC
005 20171016172102.0
008 171016s2001 bg |||| ||a| 000 0 ben d
020 _a9844652472
035 _a(BD-JhCC) 1160
040 _aBD-JhCC
_dBD-JhCC
041 _aben
082 _a323.65
_bRAY 2001
100 _aরায়, অন্নদাশঙ্কর
245 _aআমার ভালোবাসার দেশ /
_cঅন্নদাশঙ্কর রায়
260 _aঢাকা:
_bসাহিত্য প্রকাশ,
_c2001
300 _a191 p.:
_c22 cm.
650 _aPatriotism
651 _aBangladesh
942 _2ddc
_cBK